Call me by your name - Statistics

General Stats
  • This quiz has been taken 294 times
  • The average score is 4 of 15
Answer Stats
Hint Answer % Correct
what connects oliver and elios rooms? the bathroom
87%
Who says the quote 'call me by your name and i'll call you by mine'? Oliver
86%
What does Oliver say he remembers during the phone call? everything
67%
What word is repeated by Oliver throughout the movie? later
58%
who is in the room with Elio at the beginning of the movie? Marzia
50%
which girl does Oliver have a fling with? Chiara
15%
What is Mrs Pearlman's first name? Annella
14%
What is the last line in the movie? i remember everything
13%
What does Oliver write back? grow up, ill see you at midnight
9%
What does Oliver do when Elio's nose in bleeding? rubs his feet
5%
Where does Elio tell Oliver he has feelings for him? - he doesn't say it directly world war 1 memorial
4%
What is the last sentence in the book? hold my gaze, and call me by your name
1%
what does Elios note say to Oliver? can't stand the silence, i need to speak to you
0%
where is the movie set? somwhere in nothern italy
0%
What does Mr Pearlman do every year to his students? test them on where the word apricot comes
0%
No matching quizzes found
Score Distribution
Percent of People with Each Score
Percentile by Number Answered
Your Score History
You have not taken this quiz